| 000 | 00943cad a22001935a 4500 | ||
|---|---|---|---|
| 001 | L150708 | ||
| 008 | 100820s2010 xxk f 000 0 eng d | ||
| 035 | _a(Sirsi) u150708 | ||
| 041 | 0 | _aeng | |
| 110 | 2 |
_aUnited Kingdom _bDepartment for Communities and Local Government _94939 |
|
| 245 | 0 | 3 |
_aAn invitation to shape the nature of England _bdiscussion document, July 2010 _h[electronic resource] |
| 260 |
_aLondon _bDCLG _c2010 |
||
| 520 | _aIn advance of a White Paper on the natural environment in the Spring of 2011 comments are invited on this area. The White Paper will need to address a range of challenges including, climate and demographic changes. | ||
| 590 | _aKA NTK | ||
| 651 | 4 |
_aEngland _y886- |
|
| 690 | _aENVIRONMENTAL AND LAND CONSULTANCY-ENVIRONMENTAL MANAGEMENT | ||
| 856 | 4 | 0 |
_uhttps://www.defra.gov.uk/publications/files/pb13428-newp-discussion-230710.pdf _zView the item free of charge at www.defra.gov.uk. |
| 942 | _n0 | ||
| 999 |
_c110950 _d110950 |
||